[Event "EU-chT (Men) 10th"]
[Site "Debrecen"]
[Date "1992.11.??"]
[Round "2.2"]
[White "Kupreichik, Viktor D"]
[Black "Varga, Zoltan"]
[Result "1-0"]
[WhiteElo "2545"]
[BlackElo "2410"]
[Annotator "Bulletin"]
[PlyCount "79"]
[EventDate "1992.11.20"]
[EventType "team-swiss"]
[EventRounds "9"]
[EventCountry "HUN"]
[SourceTitle "EU-chT"]
[Source "ChessBase"]
[SourceDate "1999.07.01"]
[SourceVersion "2"]
[SourceVersionDate "1999.07.01"]
[SourceQuality "1"]
[WhiteTeam "Belarus"]
[BlackTeam "Hungary III"]
[WhiteTeamCountry "BLR"]
[BlackTeamCountry "HUN"]

1. e4 Nf6 2. e5 Nd5 3. d4 d6 4. f4 dxe5 (4... Bf5 5. Nf3 e6 6. Bd3 Bxd3 7. Qxd3
dxe5 8. fxe5 c5 9. O-O Be7 (9... h6) 10. dxc5 $5 Nc6 11. Kh1 Bxc5 (11... Qa5
12. c4 $1 Ndb4 13. Qe4 {/\ a3, Bd2} Rd8 14. a3 Nd3 15. b4 $1 Ncxb4 (15... Ndxb4
16. Bd2 Rxd2 17. axb4 Qxa1 18. Nbxd2 $16) 16. Bd2 Qa6 17. axb4 $1 Qxa1 18. Qxb7
Qa4 19. c6 $16) 12. Nbd2 $5 (12. Ng5 $6 Ne3 $1 13. Bxe3 Qxd3 14. cxd3 Bxe3 15.
Nxf7 $4 O-O $19) (12. Qe4 $5) 12... Ne3 13. Ne4 $1 $14) 5. fxe5 c5 6. Nf3 cxd4
7. Qxd4 Nc6 8. Qe4 $5 (8. Bb5 $5 Qa5+ 9. Nc3 Nxc3 (9... Qxb5 $5 10. Nxb5 Nxd4
11. Nfxd4 a6 12. c4 $14) 10. Bxc6+ bxc6 11. Bd2 Nb5 $1 $8 12. Bxa5 Nxd4 13.
Nxd4 e6 14. Nxc6 $5 Bb7 15. Nd4 Bxg2 16. Rg1 Bc5 (16... Bd5 17. Nb5 $14) 17.
O-O-O $14) 8... g6 (8... e6 9. c4 $14) 9. Bc4 Nb6 (9... Ndb4 10. Bb3 Bf5 11.
Qe2 Bg7 12. a3 $14) 10. Bb3 (10. Bxf7+ $2 Kxf7 11. e6+ Ke8 $17) (10. e6 $6 f5
$1 11. Qe2 Nxc4 12. Qxc4 Bg7 $15) 10... Bg7 (10... Bf5) 11. O-O Bf5 12. Qf4 (
12. Qe2 Nd4 $1) (12. Qe1 $5) 12... O-O (12... Nd5 $5 13. Qg3 $5 (13. Qc4 Be6 $1
14. Ng5 $6 Qb6+ 15. Kh1 Nxe5 $17) (13. Qd2 Nb6 $10) 13... O-O 14. Kh1 {/\ Rd1+/
=}) 13. Nc3 Qb8 $5 14. Re1 Nd7 15. e6 (15. Nd5 e6 16. g4 Bxc2 $1 $17) 15...
fxe6 (15... Bxe6 $5 16. Qxb8 Ndxb8 $1 (16... Raxb8 17. Rxe6 $16) 17. Bxe6 fxe6
18. Ne4 {/\ Nc5!?} (18. Rxe6 $14) (18. Nb5 $5)) 16. Qh4 Nc5 17. Ng5 h6 18. Nxe6
Bxe6 19. Bxe6+ Nxe6 20. Rxe6 Bd4+ $5 21. Be3 Rf6 22. Rxe7 $5 (22. Qe4 $14)
22... Rf4 (22... Nxe7 23. Bxd4 Rf7 (23... Rf4 24. Qxe7 Rxd4 25. Ne4 $16) 24.
Ne4 (24. Qxh6 $2 Rh7) 24... Nf5 25. Qg4 $5 (25. Nf6+ Kf8 26. Nd7+ Kg8 $1 (26...
Rxd7 27. Qf6+ Rf7 28. Qh8+ Ke7 29. Bc5+ Kd7 30. Rd1+ Ke6 31. Re1+ Kd7 32. Qc3
$44 {|^}) 27. Nf6+ $10) 25... Nxd4 26. Qxg6+ Rg7 27. Nf6+ Kf8 28. Qh5 $5 {
/\ Rf1~/=|^} (28. Qxh6 Nf3+ 29. Kh1 Qxh2+ $3) (28. Nd7+ Kg8 $10)) 23. Qh3 $8
Nxe7 24. Qe6+ Rf7 (24... Kf8 $2 25. Bxd4 Rxd4 26. Qf6+) 25. Bxd4 Qc8 $6 (25...
Qf4 $1 26. Bc5 $5 (26. Ne4 Rd8 $1 $8 27. Nf6+ Kf8 28. Nd7+ $10) 26... Qf5 27.
Re1 $44) 26. Qe5 Kh7 27. Ne4 Nc6 28. Nf6+ Kg7 (28... Kh8 29. Qd5 (29. Qe3 $5
$16) 29... Rg7 30. Bc3 $16) 29. Ne8+ $1 Kf8 30. Qh8+ Ke7 31. Bc5+ Ke6 32. Re1+
Kd5 (32... Kd7 33. Qg8 $18) 33. Ba3 Qg4 (33... Qf5 34. c4+ Kxc4 35. Qc3+ Kb5
36. Nd6+ $18) 34. Qg8 $1 $18 Qd4+ 35. Kh1 Qf2 36. c4+ Kd4 (36... Kxc4 37. Qxf7+
) 37. Rd1+ Ke5 38. Rd5+ Ke6 39. Qxg6+ Rf6 40. Nc7# 1-0

[Event "URS-ch46 First League"]
[Site "Ashkhabad"]
[Date "1978.??.??"]
[Round "16"]
[White "Kupreichik, Viktor D"]
[Black "Alburt, Lev O"]
[Result "1-0"]
[WhiteElo "2490"]
[BlackElo "2510"]
[Annotator "Bulletin"]
[PlyCount "99"]
[EventDate "1978.10.??"]
[EventType "tourn"]
[EventRounds "17"]
[EventCountry "URS"]
[EventCategory "10"]
[SourceTitle "MCL"]
[Source "ChessBase"]
[SourceDate "1999.07.01"]
[SourceVersion "1"]
[SourceVersionDate "1999.07.01"]
[SourceQuality "1"]

1. e4 Nf6 2. e5 Nd5 3. d4 d6 4. f4 dxe5 (4... Bf5 5. Nf3 e6 6. Bd3 Bxd3 7. Qxd3
Be7 8. a3 O-O 9. c4 Nb6 10. Nc3 $14 {Nicevski-Papler/JUG-ch/1974/}) 5. fxe5 Bf5
(5... Nc6 6. c3 Bf5 7. Bd3 Qd7 $10) 6. Nf3 c5 7. Bb5+ Nc6 8. c4 Nc7 9. O-O (9.
d5 Nxb5 10. dxc6 Qxd1+ 11. Kxd1 O-O-O+ $17) 9... e6 10. Bxc6+ bxc6 11. Qa4 Qd7
12. Be3 a5 13. Nc3 Na6 14. Rad1 $16 Be7 (14... Qc7 15. d5) 15. dxc5 Qc7 16. Rd6
$18 Bxd6 17. cxd6 Qd7 18. Qxa5 O-O 19. Na4 Qb7 20. Qb6 Qd7 21. Nd4 Be4 22. Nb3
Rfb8 23. Qd4 Bc2 24. Nb6 Rxb6 25. Qxb6 Bd3 26. Rc1 f5 27. exf6 gxf6 28. Qd4 Bg6
29. Qxf6 Rf8 30. Qe7 Qxe7 31. dxe7 Re8 32. Bg5 Nb4 33. Nc5 h6 34. Bh4 Nd3 35.
Nxd3 Bxd3 36. b3 e5 37. Kf2 Ra8 38. Ke3 e4 39. a4 Rb8 40. Kd4 Kf7 41. Kc3 Rg8
42. Rg1 c5 43. a5 Rg6 44. Bf2 Kxe7 45. Bxc5+ Kd7 46. b4 Be2 47. b5 h5 48. a6
Kc8 49. Be3 Rd6 50. Bd4 1-0

[Event "Oslo"]
[Site "Oslo"]
[Date "1988.??.??"]
[Round "?"]
[White "Davies, Nigel Rodney"]
[Black "Westerinen, Heikki MJ"]
[Result "1-0"]
[WhiteElo "2450"]
[BlackElo "2395"]
[Annotator "CB"]
[PlyCount "67"]
[EventDate "1988.03.??"]
[EventType "tourn"]
[EventRounds "9"]
[EventCountry "NOR"]
[EventCategory "7"]
[SourceTitle "CBM 007"]
[Source "ChessBase"]
[SourceDate "1988.12.01"]
[SourceVersion "1"]
[SourceVersionDate "1988.12.01"]
[SourceQuality "1"]

1. e4 Nf6 2. e5 Nd5 3. d4 d6 4. c4 Nb6 5. exd6 cxd6 6. Be3 ({Since this game
was played the line} 6. Nc3 g6 7. Be3 Bg7 8. Rc1 O-O 9. b3 {has become both
popular and successful, so much so that most Alekhine addicts have switched to
recapturing with the e-pawn on move 5. Yet at the time this game was played
this plan was not known and I had seen a plan of Bill Hartston that I liked.})
6... g6 7. h4 {This is it, Hartston's move. The idea is to exploit the fact
that Black's knights are far away from his kingside by immediately starting an
attack. And if Black stops this with 7...h5 he will leave a weak square on g5
if he follows up with a later ...e5 and ...f5.} Bg7 ({In Hartston - Bryson,
BCF-ch, Edinburgh, 1985 Black prevented the further advance of White's h-pawn
with} 7... h5 {but then} 8. d5 N8d7 9. Bd4 Nf6 10. Bd3 Bg7 11. Nh3 $5 O-O 12.
Ng5 e5 13. dxe6 Bxe6 {would have been better for White had he now played the
simple} 14. O-O {.}) 8. h5 Nc6 9. Nc3 d5 $6 {Success; Black doesn't like the
look of castling into the opening h-file and plays something much worse.} ({
In fact the right move was the cold blooded} 9... O-O {after which} 10. Qd2 $5
e5 11. d5 Nd4 12. O-O-O $5 {was the adventurous continuation of Hartston -
Planinec, Hastings 1974-75. I think that I might have played 10.hxg6 instead.})
10. c5 Nc4 11. Bxc4 dxc4 12. Nge2 ({Carefully avoiding} 12. Nf3 Bg4 $1 {
, which would give Black excellent counterplay. But now he has the serious
problem of how to defend that weak c4 pawn.}) 12... Qa5 13. h6 {The h-file
isn't the relevant factor now, it's more the weak c4 pawn and White's mobile
d- and c-pawns. So it's good to put Black's g7 bishop on a square where it can
be hit by Nc3-e4.} Bf6 14. O-O O-O 15. d5 Nb4 16. Ne4 Bh8 ({After} 16... Bxb2 {
White can play} 17. Rb1 Qxa2 (17... Bh8 18. Bd2 c3 19. Bxc3 Bxc3 20. N2xc3 {
leaves Black facing threats of Qd4 and d6.}) 18. N2c3 Qa3 19. Qd4 f6 20. Qxc4 {
is horrendous for Black who would be unable to rescue his offside pieces AND
save his king.}) 17. Bd4 Nd3 18. Bxh8 Kxh8 19. Qc2 Qb4 (19... Nxc5 20. Qxc4
Nxe4 21. Qxe4 {is very unpleasant for Black as both e7 and his king are weak
and White can must pile his pieces into the middle of the board (Rad1, Rfe1
and Nc3/d4/f4).}) 20. b3 Bf5 (20... Nxc5 21. Nxc5 Qxc5 22. bxc4 {would still
be very attractive for White.}) 21. N2g3 Bxe4 22. Nxe4 Nxc5 23. bxc4 Nxe4 24.
Qxe4 {The exchange of minor pieces has done little to ease the defence, both
e7 and Black's king are still major problems. In addition it is relatively
easy to play White's position which is always useful in a key game.} b6 25.
Rfe1 Rfe8 26. Qe5+ f6 27. Qe6 Qd2 28. Re3 Qd4 29. Rae1 Qf4 30. Rh3 {Possibly
some nerves creeping in.} (30. d6 {was already winning, for example} Qxh6 31.
d7 Red8 32. Qxe7 {leaves Black with no good defence.}) 30... Rac8 (30... Qxc4 {
was the last try, though White then wins with} 31. Qf7 Rg8 32. Qxe7 ({And not} 
32. Rxe7 {because of} Qc1+ 33. Kh2 Qf4+ {with a draw by perpetual check.})) 31.
d6 Rxc4 ({After} 31... Qxd6 32. Qf7 Rg8 33. Rxe7 {there's no perpetual this
time.}) ({And of course} 31... exd6 32. Qxe8+ {leads to mate.}) 32. Qf7 Rg8 33.
dxe7 Re4 34. Rxe4 {When Black recaptures on e4 White plays Qxf6+ followed by
mate.} 1-0

[Event "Olympiad-36"]
[Site "Mallorca"]
[Date "2004.10.18"]
[Round "4"]
[White "Goh, Wei Ming Kevin"]
[Black "Bouaziz, Slim"]
[Result "1-0"]
[WhiteElo "2353"]
[BlackElo "2341"]
[Annotator "CB"]
[PlyCount "97"]
[EventDate "2004.10.15"]
[EventType "team-swiss"]
[EventRounds "14"]
[EventCountry "ESP"]
[SourceTitle "CBM 104"]
[Source "ChessBase"]
[SourceDate "2005.01.27"]
[SourceVersion "1"]
[SourceVersionDate "2005.01.27"]
[SourceQuality "1"]
[WhiteTeam "Singapore"]
[BlackTeam "Tunisia"]
[WhiteTeamCountry "SIN"]
[BlackTeamCountry "TUN"]

1. e4 Nf6 2. e5 Nd5 3. c4 Nb6 4. d4 d6 5. exd6 exd6 6. Nc3 Be7 7. Bd3 O-O 8.
Nge2 Nc6 9. b3 Bg4 10. Be3 Bh5 11. O-O Bg6 12. Re1 Re8 13. Qd2 Bf8 14. h3 Ne7
15. Ng3 d5 16. c5 Nd7 17. Bxg6 hxg6 18. b4 c6 19. Qd3 b6 20. Bf4 a5 21. a3 axb4
22. axb4 bxc5 23. bxc5 Nf6 24. Be5 Ra5 25. Reb1 Nd7 26. Bf4 Rxa1 27. Rxa1 Nf6
28. Ra7 Nh5 29. Nxh5 gxh5 30. Qf3 Nf5 31. Qd3 g6 32. Rc7 Re1+ 33. Kh2 {#} Qf6 (
33... Bh6 $1 $19) 34. Qd2 Re8 35. Ne2 Qe6 36. Ng3 Rc8 37. Rb7 Bg7 38. Nxf5 Qxf5
39. Qe3 Bf6 40. Bd6 Qe4 41. Qxe4 dxe4 42. Rb4 Re8 43. Bf4 Rd8 44. Bd6 Re8 45.
d5 cxd5 46. c6 Be7 47. Bxe7 Rxe7 48. Rb7 e3 49. fxe3 1-0

[Event "RUS-Cup2"]
[Site "Moscow"]
[Date "1996.??.??"]
[Round "8"]
[White "Yagupov, Igor"]
[Black "Balashov, Yuri S"]
[Result "0-1"]
[WhiteElo "2435"]
[BlackElo "2530"]
[Annotator "Chekhov,V"]
[PlyCount "77"]
[EventDate "1996.11.28"]
[EventType "swiss"]
[EventRounds "9"]
[EventCountry "RUS"]
[SourceTitle "CBM 056 Extra"]
[Source "ChessBase"]
[SourceDate "1997.03.01"]
[SourceVersion "1"]
[SourceVersionDate "1997.03.01"]
[SourceQuality "1"]

1. e4 Nf6 2. e5 Nd5 3. d4 d6 4. c4 Nb6 5. exd6 exd6 (5... cxd6 6. Nc3 g6 7. Be3
Bg7 8. Rc1 $14) 6. Nf3 Be7 7. Be2 O-O 8. O-O Bf5 9. Nc3 Bf6 10. Be3 Nc6 11. b3
d5 12. c5 Nc8 13. Ne1 (13. Qd2 $5 N8e7 14. h3 Be6 15. g4 g6 16. Ne1 Bg7 17. Ng2
b6 18. cxb6 cxb6 19. Nf4 Qd6 $132 {Mortensen,E-Kengis,E/Moscow/1994/0,5/26/})
13... h6 14. g4 (14. Rc1 $5) 14... Bh7 15. Ng2 b6 16. Na4 (16. cxb6 axb6 17.
Nf4 N8e7 $22 18. Bf3 Nb4 $36) 16... Nb4 17. Ne1 (17. Qd2 Nc2 18. Rac1 Nxe3 19.
Nxe3 Ne7 $15) 17... bxc5 18. Nxc5 Nd6 19. Qd2 a5 20. a3 $6 (20. Rc1 Ne4 21.
Nxe4 dxe4 $17) (20. f3 $5 Re8 21. Rc1 $22 Qe7 22. Ng2 $132) 20... Nc6 21. Rc1
Re8 22. Nb7 $6 (22. Na6 Ne4 23. Qd1 Qd6 $17) (22. f3 $5) 22... Nxb7 23. Rxc6
Nd6 24. f3 (24. Bd3 $6 Bxd3 25. Nxd3 Qd7 26. Rfc1 Qxg4+ $19) 24... Rb8 25. Bd3
Bxd3 26. Qxd3 Qd7 27. Rc1 Qb5 $17 28. Qxb5 (28. Qd2 Qxb3 29. Rc3 Qb6 $19) (28.
Rc3 Qxd3 29. Rxd3 Rxe3 30. Rxe3 Bxd4 31. Nc2 Bxe3+ 32. Nxe3 Rxb3 33. Nxd5 Rxa3
34. Nxc7 a4 $19) 28... Nxb5 29. Bf2 (29. Nc2 Nc3 30. Rfe1 Rxb3 $19) 29... Nxd4
30. Rxc7 Rxb3 31. Rc5 Rxa3 32. Rxd5 Ne2+ 33. Kh1 Ra1 $19 34. Rd6 Bc3 35. Rc6
Bb4 36. Rc4 g5 37. Re4 Rxe4 38. fxe4 Nf4 39. Bg3 (39. Bg3 Nd3 $19) 0-1

[Event "ARM-ch"]
[Site "Yerevan"]
[Date "1995.??.??"]
[Round "8"]
[White "Akopian, Vladimir Eduardovic"]
[Black "Minasian, Artashes"]
[Result "1/2-1/2"]
[WhiteElo "2625"]
[BlackElo "2565"]
[Annotator "Chekhov,V"]
[PlyCount "60"]
[EventDate "1995.08.??"]
[EventType "tourn"]
[EventRounds "11"]
[EventCountry "ARM"]
[EventCategory "10"]
[SourceTitle "CBM 050"]
[Source "ChessBase"]
[SourceDate "1996.02.01"]
[SourceVersion "1"]
[SourceVersionDate "1996.02.01"]
[SourceQuality "1"]

1. e4 Nf6 2. e5 Nd5 3. d4 d6 4. c4 Nb6 5. exd6 cxd6 6. Nc3 g6 7. Be3 Bg7 8. Rc1
Nc6 9. d5 Ne5 10. f4 $5 {/N/} (10. Be2 O-O 11. b3 f5 12. f4 Ned7 13. Nf3 Nf6
14. Nd4 $16 {Weinzette,E-Posch,W/Loosdorf/1993/1|0/27/}) 10... Ng4 11. Bd4 Nf6
12. Nf3 O-O 13. Be2 e6 $1 14. dxe6 Bxe6 15. b3 Nc8 $5 (15... d5 16. c5 Nbd7 17.
O-O Rc8 18. Nb5 Ne4 19. Nxa7 Bxd4+ 20. Nxd4 Rxc5 21. f5 $36) 16. O-O Ne7 17.
Ng5 (17. Qd2 $6 Nf5 18. Bf2 Ng4 $36) 17... Nc6 18. Nxe6 (18. Bf2 d5 19. c5 d4
20. Nce4 Nd5) 18... fxe6 19. Bf2 d5 20. cxd5 (20. Qd3 $5 Qd7 (20... d4 21. Ne4
$6 (21. Nb5 Nh5 22. Bxh5 gxh5 23. Qe4 Qd7 24. Rcd1 Rad8 $13) 21... Nb4 22. Qh3
d3 23. Nxf6+ Bxf6 24. Rfd1 Nxa2 25. Rxd3 Nxc1 26. Rxd8 Nxe2+ 27. Kf1 Raxd8 28.
Qxe6+ Kg7 29. Qxe2 Rfe8 30. Qf3 $10) 21. Rcd1 Rad8 22. Bh4 $14) 20... Nxd5 21.
Nxd5 exd5 22. Bc5 (22. Qd2 d4 23. Bf3 Qd6 24. g3 Rad8 $132) 22... Rf6 (22...
Re8 $6 23. f5 $1) 23. Bf3 d4 24. g3 (24. Qd2 $5) 24... Qd7 25. Qd3 Rd8 26. Rfe1
Kh8 27. Kg2 b6 28. Ba3 a5 29. Qb5 (29. Rc4 $5) 29... Nb4 $1 30. Qxd7 Rxd7 (
30... Rxd7 31. Re8+ Rf8 32. Rcc8 Kg8 33. Bg4 Rd6 $13) 1/2-1/2

[Event "POL-chT 51st"]
[Site "Lubniewice"]
[Date "1995.??.??"]
[Round "4"]
[White "Kaminski, Marcin"]
[Black "Kveinys, Aloyzas"]
[Result "1/2-1/2"]
[WhiteElo "2495"]
[BlackElo "2515"]
[Annotator "Chekhov,V"]
[PlyCount "120"]
[EventDate "1995.09.14"]
[EventType "team-tourn"]
[EventRounds "11"]
[EventCountry "POL"]
[SourceTitle "EXT 1997"]
[Source "ChessBase"]
[SourceDate "1996.11.15"]
[SourceVersion "1"]
[SourceVersionDate "1996.11.15"]
[SourceQuality "1"]
[WhiteTeam "Wroclaw Hetman"]
[BlackTeam "Suwalki Hancza"]
[WhiteTeamCountry "POL"]
[BlackTeamCountry "POL"]

1. e4 Nf6 2. e5 Nd5 3. d4 d6 4. c4 Nb6 5. exd6 cxd6 6. Nc3 g6 7. Bg5 $5 Bg7 8.
Rc1 O-O $5 {/N/} (8... Nc6 9. d5 Ne5 10. Be2 O-O 11. b3 a5 12. Nf3 Nbd7 13. Nd4
Nc5 14. Be3 f5 15. Qd2 $16 {Petrosian,T-Dreyer,M/Tel Aviv/1964/1|0/33/}) 9. Be2
h6 10. Be3 d5 11. c5 Nc4 12. Bxc4 dxc4 13. Nge2 Nc6 (13... Bf5 14. Qd2 Kh7 15.
O-O Nc6 16. Rfd1 Bd3 17. Nf4 Nxd4 18. Nxd3 cxd3 19. Qxd3 e5 20. Ne4 $14) 14.
Qa4 Na5 15. O-O b6 16. Rfd1 Bd7 17. Qb4 Rb8 18. cxb6 Qxb6 (18... axb6 19. d5
$14) 19. Qxe7 Rb7 20. d5 Qd8 21. Qa3 (21. Qxd8 Rxd8 22. Rd2 Rdb8 23. h3 a6 $13)
21... Re8 22. Rd2 (22. Bc5 Bg4 $1 (22... Rxe2 $2 23. Nxe2 Bxb2 24. Qe3 Bxc1 25.
Rxc1 $16) 23. f3 Bf5 24. Bb4 Qb6+ 25. Bc5 Qd8 $13) 22... h5 23. Nd4 Bf8 24. d6
h4 25. Qc5 (25. Nd5 $5 h3 26. Ne7+ Rxe7 (26... Bxe7 27. dxe7 Rxe7 28. Bg5 Re1+
29. Rxe1 Qxg5 30. f4 Qxf4 31. Qe3 $16) 27. dxe7 Bxe7 28. Qc3 Bb4 29. Qc2 Bxd2
30. Qxd2 hxg2 31. Nf3 $40) 25... h3 26. Qd5 (26. Nd5 $5) 26... Bg7 $146 27. Bg5
(27. Qg5 Bf6 28. Qf4 Be5 29. Qh6 Bg7 $10) 27... Qb6 28. Be7 Nc6 29. Nxc6 Bxc6
30. Qg5 Rd7 31. Nd5 Bxd5 32. Qxd5 $6 (32. Rxd5 $1 Qxb2 33. Rxc4 Qxa2 34. Rc1
hxg2 35. Rcd1 $14) 32... Bh6 33. Bg5 (33. Rcd1 Bxd2 34. Rxd2 c3 35. bxc3 Rexe7
$1 36. dxe7 Qb1+ 37. Rd1 Qxd1+ $19) 33... Rxd6 $1 34. Qxd6 Bxg5 35. Rcd1 Bxd2
36. Qxd2 Rb8 37. gxh3 (37. Rb1 Rd8 (37... hxg2 $5) (37... Qc6 38. gxh3 c3 39.
Qc2 Rb5 $40) 38. Qc3 hxg2 39. Qxc4 Rd2 40. Qc8+ $10) 37... Qxb2 38. Qxb2 Rxb2
39. Rd8+ Kg7 40. Rc8 Rb4 41. Rc6 Ra4 42. Kf1 a5 43. h4 Kh6 44. Rc5 Kg7 (44...
f5 $5 45. Kg2 Rxa2 46. Rxc4 a4 47. Rc7 a3 48. Ra7 Ra1 49. Kh3 $10) 45. Rc6 Rxa2
46. Rxc4 Rb2 47. Rc5 a4 48. Ra5 Rb4 49. h5 $10 Kh6 50. hxg6 fxg6 51. Kg2 g5 52.
f3 Kg6 53. Kg3 Kf6 54. h3 Rc4 55. Rb5 Rc1 56. Ra5 Rg1+ 57. Kf2 Ra1 58. Kg3 a3
59. Kg2 Kg6 60. Kh2 Kf6 1/2-1/2

[Event "Moscow5"]
[Site "Moscow"]
[Date "1995.??.??"]
[Round "3"]
[White "Ivanov, Victor L"]
[Black "Chekhov, Valery A"]
[Result "1-0"]
[WhiteElo "2460"]
[BlackElo "2500"]
[Annotator "Chekhov,V"]
[PlyCount "77"]
[EventDate "1995.??.??"]
[EventType "tourn"]
[EventRounds "11"]
[EventCountry "RUS"]
[EventCategory "10"]
[SourceTitle "CBM 049"]
[Source "ChessBase"]
[SourceDate "1995.12.01"]
[SourceVersion "1"]
[SourceVersionDate "1995.12.01"]
[SourceQuality "1"]

1. e4 Nf6 2. e5 Nd5 3. d4 d6 4. c4 Nb6 5. exd6 cxd6 6. Nc3 g6 7. Be3 Bg7 8. Rc1
O-O 9. b3 $5 f5 $5 (9... Nc6 10. d5 Ne5 11. Be2 (11. h3 $5) 11... f5 12. f4 Ng4
13. Bxg4 fxg4 14. Nge2 e5 15. dxe6 Bxe6 16. O-O Qd7 17. Qd2 Rad8 18. Bd4 $14 {
Priehoda,V-Konopka,M/Topolcianky/1994/0,5/29/}) (9... e5 10. dxe5 dxe5 11. Qxd8
(11. Nb5 $6 Nc6 12. Bc5 Re8 13. Qxd8 Rxd8 14. Nxa7 Nd7 15. Nxc6 bxc6 16. Be3
Rxa2 $17) 11... Rxd8 12. c5 $5 N6d7 (12... Nd5 13. Nxd5 Rxd5 14. Bc4 Rd8 15.
Nf3 $14) 13. Nf3 Nc6 14. Bc4 $14) 10. Nf3 $5 {N/} (10. Nh3 $5 h6 11. f4 Be6 12.
d5 Bf7 13. Be2 Re8 14. O-O e6 15. dxe6 Bxe6 16. Bd4 Bxd4+ 17. Qxd4 Nc6 18. Qf2
$14 {Malisauskas,V-Kupreichik,V/Moscow/1994/0,5/57/}) 10... f4 (10... e5 $6 11.
dxe5 dxe5 12. Qxd8 Rxd8 13. c5 N6d7 14. Bc4+ Kf8 15. Ng5 Nf6 16. Nf7 Re8 17.
Nb5 $16) 11. Bd2 Nc6 12. d5 Ne5 13. Nxe5 $1 Bxe5 14. Be2 e6 15. dxe6 (15. Bf3
$5 exd5 16. Nxd5 Be6 17. Ba5 $1) 15... Bxe6 16. Bf3 d5 17. cxd5 (17. c5 d4 $1
18. Ne4 Nd5 $132) 17... Nxd5 18. Nxd5 (18. O-O $5 Nxc3 19. Bxc3 Bxc3 20. Rxc3
Qb6 21. Re1 $14) 18... Bxd5 19. Bb4 Bxf3 20. Qxf3 Bb2 (20... Rf7 21. O-O Qf6
22. Rfd1 $14) 21. O-O $1 (21. Bxf8 $6 Qe8+ $1 22. Kd2 Bxc1+ 23. Rxc1 Rd8+ 24.
Kc2 Qxf8 $132) 21... Bxc1 22. Bxf8 Qxf8 23. Rxc1 Qf7 24. Rc4 Rf8 25. h4 $14 h5
$6 (25... b6 $5 $14) 26. Rb4 b6 27. Rc4 Kh7 28. Qe4 Kh6 29. Qc2 Qe7 (29... Qf5
$5) 30. Rc6 $1 Rf6 31. Rc7 Qe1+ 32. Kh2 Qe5 $6 (32... f3 $5 33. g3 a5 34. Qb2
$22 Qe2 $4 35. Qc1+) 33. Rxa7 Re6 (33... f3+ 34. g3 Qe2 $2 35. Qc1+ $18) 34.
Rf7 Re7 35. Qc4 $1 $18 Rxf7 36. Qxf7 f3+ 37. g3 Qe2 38. Qf4+ Kh7 39. Qc7+ (39.
Qc7+ Kh6 40. Qxb6 Qf1 41. Qe3+ $18) 1-0

[Event "AUT-ch"]
[Site "Wolfsberg"]
[Date "1985.06.18"]
[Round "4"]
[White "Klinger, Josef"]
[Black "Herndl, Harald"]
[Result "1-0"]
[WhiteElo "2495"]
[BlackElo "2325"]
[Annotator "ChessBase"]
[PlyCount "97"]
[EventDate "1985.06.15"]
[EventType "tourn"]
[EventRounds "15"]
[EventCountry "AUT"]
[EventCategory "4"]
[SourceTitle "MCD"]
[Source "ChessBase"]
[SourceDate "1999.07.01"]
[SourceVersion "1"]
[SourceVersionDate "1999.07.01"]
[SourceQuality "1"]

1. e4 Nf6 2. e5 Nd5 3. d4 d6 4. c4 Nb6 5. f4 dxe5 6. fxe5 Nc6 7. Be3 Bf5 8. Nc3
e6 9. Nf3 Be7 {Gilt als Hauptvariante. Andere Moeglichkeiten sind 9....Sb4, 9..
..Lg4, 9.... Lb4 und 9....Dd7.} 10. d5 exd5 11. cxd5 Nb4 12. Nd4 Bd7 13. e6
fxe6 14. dxe6 Bc6 15. Qg4 Bh4+ 16. g3 Bxh1 17. gxh4 O-O 18. O-O-O Qf6 19. Bb5
Qe5 (19... Bf3 20. Nxf3 Qxf3 21. Qxf3 Rxf3 22. Bxb6 $18) (19... Bc6 20. Bg5 Qe5
21. e7 Rfe8 22. Nf5 $18) (19... c6 $5 $13) 20. Bg5 $1 {Schlecht ist 20.Lh6?
Kh8!} c5 21. e7 cxd4 22. exf8=Q+ Rxf8 23. Rxh1 a5 (23... Qc5 24. Qe6+ Kh8 25.
Be7 Nxa2+ 26. Kc2 $3 Rf2+ 27. Kb3 $1 Qc7 28. Bd6 $1 $18) (23... N6d5 24. Qe2
Qc7 25. Bc4 $1 $18) 24. Qe2 $1 (24. Qe4 Nxa2+ 25. Kc2 Rf2+ 26. Kb3 Rxb2+ 27.
Ka3 Rxb5 28. Qxe5 Rxe5 29. Nxa2 Nc4+ 30. Kb3 b5 $13 {[ECO], doch steht nach
Klinger Schwarz hier bereits besser. Nach dem Textzug kommt Weiss mit der nun
folgenden Kombination klar in Vorteil.}) 24... Qc7 (24... Qc5 25. Be7 Nxa2+ 26.
Kb1 Nxc3+ 27. bxc3 Qd5 28. Bxf8 Qxh1+ 29. Kc2 Qd5 30. Ba3 {mit Vorteil fuer
Weiss; oder noch staerker 25.De6+ - siehe Anmerkung zum 23. Zug von Schwarz.})
25. Qe6+ Kh8 26. Rf1 $3 {Der einzige Zug fuer Weiss, doch stellt er Schwarz
vor grosse Probleme.} Rg8 (26... Rxf1+ 27. Bxf1 h6 28. Bh3 hxg5 29. Qe8+ Kh7
30. Bf5+ g6 31. Qxg6+ Kh8 32. Qh6+ Kg8 33. Be6+ $18) (26... Rc8 27. Be8 Nxa2+
28. Kb1 Nxc3+ 29. bxc3 $18 {z.B. 29....Dc5 30.Le7.}) 27. Bf4 $1 {Schlecht ist
27.Tf7, mit der Idee 27....Dc5?? 28.Txg7!, wegen 27....Dxh2 mit der
Mattdrohung auf c2; oder auch 27....Dc8; ebenso ist nach 27.Le7?! h6! kei- ne
Fortsetzung fuer Weiss zu sehen.} Qc8 28. Qxc8 Rxc8 29. Bc7 $3 {Die Pointe der
weissen Kombination!} Nxa2+ $5 {Noch das Staerkste!} (29... N4d5 30. Nxd5 Nxd5
31. Kb1 $1 Nxc7 32. Rc1 $18) (29... Na8 30. Bd7 Rg8 31. Bxa5 $18) (29... dxc3
30. Bxb6 Nxa2+ (30... c2 31. Bc4 $1 h6 32. Rf4 Re8 33. Bf2 Rd8 34. Rd4 Rf8 35.
Rd2 Rc8 36. Bb3 $18) 31. Kc2 Nb4+ 32. Kb3 c2 33. Bxa5 c1=Q 34. Rxc1 Rxc1 35.
Bxb4 $18) 30. Nxa2 Rxc7+ 31. Kd2 Kg8 32. Rf4 $18 Rc5 33. Be2 Rd5 34. b3 $1 {
Nimmt dem Rappen das Feld a4.} h6 35. Bg4 Kh7 36. Kd3 Rb5 37. Bf5+ Kh8 38. Be6
Re5 39. Rf8+ Kh7 40. Bf5+ g6 41. Rf7+ Kg8 42. Bxg6 Rd5 43. Rxb7 Nd7 44. Be4
Ne5+ 45. Kd2 Rd6 46. Rb5 Ng4 47. Rxa5 Nxh2 48. Bd5+ Kg7 49. Kd3 {[IM J.
Klinger im Turnierbulletin]} 1-0